00529pam a2200157 a 4500020000500000041000500005082001500010100003100025245006000056250001000116260004300126300001700169930000800186999001900194952015800213 c h a659.1bROM aKenneth Roman / Jane Maas. aHow to AdvertisesbHow to AdvertiseshTextual Documents a2004. aNew DelhibRupa and Book Co. New Delhi a268:bpaper. a779 c234569d234569 001040708Text BooksaFAPbFAPd2004-05-25eChandrakant Book Distributors Mumbaig195.00l0o659.1 ROMpFAP-779r2023-03-07 00:00:00t1w2023-03-07yBK